Cuentos pintados / (Registro nro. 6499)
[ vista simple ]
| 000 -LEADER | |
|---|---|
| fixed length control field | 00803nam a22002297a 4500 |
| 003 - CONTROL NUMBER IDENTIFIER | |
| control field | OSt |
| 005 - DATE AND TIME OF LATEST TRANSACTION | |
| control field | 20200212130914.0 |
| 008 - FIXED-LENGTH DATA ELEMENTS--GENERAL INFORMATION | |
| fixed length control field | 200212s1999 ck a|||br|||| 00| j spa d |
| 020 ## - INTERNATIONAL STANDARD BOOK NUMBER | |
| International Standard Book Number | 9789583006555 |
| 040 ## - CATALOGING SOURCE | |
| Original cataloging agency | CO-JMCR |
| Transcribing agency | CO-JMCR |
| 041 0# - LANGUAGE CODE | |
| Language code of text/sound track or separate title | spa |
| 082 04 - DEWEY DECIMAL CLASSIFICATION NUMBER | |
| Classification number | C / |
| Item number | POMc |
| 100 1# - MAIN ENTRY--PERSONAL NAME | |
| Personal name | Pombo, Rafael, |
| Relator term | autor |
| 9 (RLIN) | 493 |
| 245 10 - TITLE STATEMENT | |
| Title | Cuentos pintados / |
| Statement of responsibility, etc. | Rafael Pombo |
| 250 ## - EDITION STATEMENT | |
| Edition statement | Primera edición |
| 260 ## - PUBLICATION, DISTRIBUTION, ETC. | |
| Place of publication, distribution, etc. | Bogotá : |
| Name of publisher, distributor, etc. | Panamericana, |
| Date of publication, distribution, etc. | 1999 |
| 300 ## - PHYSICAL DESCRIPTION | |
| Extent | 63 páginas : |
| Other physical details | ilustraciones a color ; |
| Dimensions | 28 cm. |
| 490 0# - SERIES STATEMENT | |
| Series statement | Letras pegadas |
| 505 0# - FORMATTED CONTENTS NOTE | |
| Formatted contents note | El pardillo -- El renacuajo paseador -- Simón el bobito -- Pastorcita -- Juan Chunguero -- La pobre viejecita -- El gato bandido -- Juan Matachín -- Mirringa Mirronga |
| 650 14 - SUBJECT ADDED ENTRY--TOPICAL TERM | |
| Topical term or geographic name entry element | Cuentos infantiles colombianos |
| Chronological subdivision | Siglo XX |
| 9 (RLIN) | 494 |
| 942 ## - ADDED ENTRY ELEMENTS (KOHA) | |
| Source of classification or shelving scheme | Dewey Decimal Classification |
| Koha item type | Books |
| Withdrawn status | Lost status | Source of classification or shelving scheme | Damaged status | Not for loan | Collection code | Home library | Current library | Date acquired | Source of acquisition | Cost, normal purchase price | Total Checkouts | Full call number | Barcode | Date last seen | Date last checked out | Copy number | Price effective from | Koha item type |
|---|---|---|---|---|---|---|---|---|---|---|---|---|---|---|---|---|---|---|
| Dewey Decimal Classification | Fiction | Biblioteca Pública José María del Castillo y Rada | Biblioteca Pública José María del Castillo y Rada | 02/12/2020 | Donación | 0.00 | 3 | C / POMc | 201809742 | 08/13/2025 | 08/12/2025 | Ej.1 | 02/12/2020 | Books |